La fuerza eléctrica (Record no. 161984)

MARC details
000 -LEADER
campo de control de longitud fija 00786nam a2200205 i 4500
001 - NÚMERO DE CONTROL
campo de control 161984
003 - IDENTIFICADOR DE NÚMERO DE CONTROL
campo de control ES-MaACL
005 - FECHA Y HORA DE LA ÚLTIMA TRANSACCIÓN
campo de control 20250806070430.0
008 - DATOS DE LONGITUD FIJA--INFORMACIÓN GENERAL
campo de control de longitud fija 990713s1882 sp a |||| | spa d
100 1# - ENTRADA PRINCIPAL--NOMBRE DE PERSONA
Nombre de persona Peset y Cervera, Vicente.
9 (RLIN) 91439
245 13 - MENCIÓN DEL TÍTULO
Título La fuerza eléctrica
Resto del título : resumen de electricidad moderna aplicada a la medicina /
Mención de responsabilidad, etc. por Vicente Peset y Cervera.
260 ## - PUBLICACIÓN, DISTRIBUCIÓN, ETC.
Lugar de publicación, distribución, etc. Madrid :
Nombre del editor, distribuidor, etc. [s.n.],
Fecha de publicación, distribución, etc. 1882 (
Fabricante Imp. de Enrique Teodoro)
300 ## - DESCRIPCIÓN FÍSICA
Extensión 218 p. :
Otras características físicas il. ;
Dimensiones 25 cm.
490 1# - MENCIÓN DE SERIE
Mención de serie Biblioteca económica de medicina y cirujía
650 #7 - PUNTO DE ACCESO ADICIONAL DE MATERIA--TÉRMINO DE MATERIA
Término de materia o nombre geográfico como elemento de entrada Electricidad
Fuente del encabezamiento o término embne
9 (RLIN) 12159
650 #4 - PUNTO DE ACCESO ADICIONAL DE MATERIA--TÉRMINO DE MATERIA
Término de materia o nombre geográfico como elemento de entrada Electroterapia.
9 (RLIN) 12170
830 1# - PUNTO DE ACCESO ADICIONAL DE SERIE-TÍTULO UNIFORME
Título uniforme Biblioteca económica de medicina y cirujía
9 (RLIN) 186248
852 ## - LOCALIZACIÓN
Ubicación ES-MaACL
Número de control de estantería B-12713(1)
Nota libre - Enc. pasta española
Holdings
Estatus retirado Estado de pérdida Estado de daño No para préstamo Colección Biblioteca de origen Biblioteca actual Ubicación en estantería Fecha de adquisición Fuente de adquisición Total de préstamos Signatura topográfica completa Código de barras Visto por última vez Precio de reemplazo Tipo de ítem Koha
        Libros del s. XIX Biblioteca del Ateneo de Madrid Biblioteca del Ateneo de Madrid Sala Pardo Bazán 17/01/2008     B-12713(1) 1169683 23/02/2023 23/02/2023 Libro impreso antiguo